000 00765nam a2200229Ii 4500
003 JO-AjNU
008 230605s9999||||xx |||||||||||||| ||und||
017 _a2010/7/2657
020 _a978-9957-70-446-9
040 _aJO-AjNU
_bara
_erda
_cJO-AjNU
041 _aara
050 1 4 _aPJ7507.S22 2011
100 3 _aصدقة، ابراهيم,
_eauthor
_943347
245 0 0 _aالنص الأدبي في التراث النقدي والبلاغي
250 _aط1
264 3 1 _aإربد: عالم الكتب الحديث للنشر والتوزيع، 2011
300 _a360ص
336 _atext
_btxt
_2rdacontent
337 _aunmediated
_bn
_2rdamedia
338 _avolume
_bnc
_2rdacarrier
650 4 _aالنقد الادبي-التحليل الأدبي
_943348
999 _aA18629
_c22197
_d22197